<?xml version="1.0" encoding="UTF-8"?>
<record
    xmlns:xsi="http://www.w3.org/2001/XMLSchema-instance"
    xsi:schemaLocation="http://www.loc.gov/MARC21/slim http://www.loc.gov/standards/marcxml/schema/MARC21slim.xsd"
    xmlns="http://www.loc.gov/MARC21/slim">

  <leader>00324    a2200121   4500</leader>
  <controlfield tag="005">20250629163317.0</controlfield>
  <datafield tag="020" ind1=" " ind2=" ">
    <subfield code="a">9789976990928</subfield>
  </datafield>
  <datafield tag="111" ind1=" " ind2=" ">
    <subfield code="a">TANGANYIKA LAW SOCIETY</subfield>
  </datafield>
  <datafield tag="245" ind1=" " ind2=" ">
    <subfield code="a">DIRECTORY OF MEMBERS, LAW FIRMS AND OTHER STAKEHOLDERS</subfield>
  </datafield>
  <datafield tag="260" ind1=" " ind2=" ">
    <subfield code="a">Dodoma.</subfield>
    <subfield code="b">NexLaw Advocates</subfield>
    <subfield code="c">2016</subfield>
  </datafield>
  <datafield tag="300" ind1=" " ind2=" ">
    <subfield code="a">263p.</subfield>
    <subfield code="c">28cm.</subfield>
  </datafield>
  <datafield tag="942" ind1=" " ind2=" ">
    <subfield code="2">ddc</subfield>
    <subfield code="c">BKS</subfield>
  </datafield>
  <datafield tag="999" ind1=" " ind2=" ">
    <subfield code="c">6438</subfield>
    <subfield code="d">6438</subfield>
  </datafield>
  <datafield tag="952" ind1=" " ind2=" ">
    <subfield code="r">2025-06-29 16:34:40</subfield>
    <subfield code="l">0</subfield>
    <subfield code="p">DOM0003269</subfield>
    <subfield code="w">2025-06-29</subfield>
    <subfield code="y">BKS</subfield>
    <subfield code="1">0</subfield>
    <subfield code="2">ddc</subfield>
    <subfield code="4">0</subfield>
    <subfield code="7">0</subfield>
    <subfield code="0">0</subfield>
    <subfield code="a">004</subfield>
    <subfield code="b">004</subfield>
    <subfield code="c">REF</subfield>
    <subfield code="d">2018-01-07</subfield>
  </datafield>
</record>
